| 000 | 00444nam a2200133 a 4500 | ||
|---|---|---|---|
| 001 | 000039563 | ||
| 005 | 20201002031716.0 | ||
| 008 | 130708s2010 dr 000 0 spa d | ||
| 040 |
_aDO-SdBNP _bspa _cBNPHU |
||
| 245 | 0 | 0 |
_aDesarmar la historia : _bintervenciones en la XIX Cena Hora Puerta de América / _cInvestigación María Corral. |
| 260 |
_aSanto Domingo : _bSusaeta, _c[201?]. |
||
| 300 |
_a41 p. ; _c21 cm. |
||
| 700 | 1 |
_aCorral, María _965731 |
|
| 999 |
_c39053 _d39053 |
||